|
|
|
|
| LEADER |
00000nas a2200000 a 4500 |
| 001 |
ssj0002529 |
| 003 |
WaSeSS |
| 005 |
20200512172242.0 |
| 006 |
m d |
| 007 |
cr n |
| 008 |
980805c19869999maubr pss 0 a0eng c |
| 010 |
|
|
|a sn 98007791
|
| 022 |
|
|
|a 1520-0434
|y 0882-8156
|
| 035 |
|
|
|a (WaSeSS)ssj0002529
|
| 037 |
|
|
|b American Meteorological Society, 45 Beacon Street, Boston, MA 02108
|
| 040 |
|
|
|a NSD
|b eng
|c NSD
|d OCL
|d OCLCQ
|d TXA
|d OCLCQ
|d U9S
|d OCLCQ
|d OCLCO
|d OCLCQ
|d DLC
|d OCLCF
|d VT2
|d OCLCQ
|d WT2
|d OCLCQ
|d WYU
|d OCLCQ
|d WaSeSS
|
| 042 |
|
|
|a nsdp
|a pcc
|
| 050 |
1 |
4 |
|a QC994.95
|b .W35
|
| 082 |
1 |
0 |
|a 551
|2 13
|
| 130 |
0 |
|
|a Weather and forecasting (Online)
|
| 210 |
0 |
|
|a Weather forecast.
|b (Online)
|
| 222 |
|
0 |
|a Weather and forecasting
|b (Online)
|
| 245 |
1 |
0 |
|a Weather and forecasting
|h [electronic resource].
|
| 260 |
|
|
|a Boston, MA :
|b American Meteorological Society,
|c ©1986-
|
| 310 |
|
|
|a Bimonthly,
|b 1999-
|
| 321 |
|
|
|a Quarterly,
|b 1986-1998
|
| 362 |
0 |
|
|a Vol. 1, no. 1 and 2 (Jun. 1986)-
|
| 500 |
|
|
|a Title from issue contents screen (American Meteorological Society website, viewed Jan. 5, 2004).
|
| 506 |
|
|
|a License restrictions may limit access.
|
| 515 |
|
|
|a Some no. issued in combined form.
|
| 538 |
|
|
|a Mode of access: World Wide Web.
|
| 588 |
1 |
|
|a Vol. 18, no. 6 (Dec. 2003).
|
| 650 |
|
0 |
|a Weather forecasting
|v Periodicals.
|
| 650 |
|
6 |
|a Temps (Météorologie)
|x Prévision
|v Périodiques.
|
| 650 |
|
7 |
|a Weather forecasting.
|2 fast
|0 (OCoLC)fst01173142
|
| 655 |
|
0 |
|a Electronic journals.
|
| 710 |
2 |
|
|a American Meteorological Society.
|
| 776 |
0 |
8 |
|i Print version:
|t Weather and forecasting
|x 0882-8156
|w (DLC) 86659511
|w (OCoLC)11984782
|
| 856 |
4 |
0 |
|z Full text available from Research Library: 03/01/1998 to 2 years ago
|u https://search.proquest.com/publication/33522
|